| 000 | 00655nam a2200217 a 4500 | ||
|---|---|---|---|
| 005 | 20240924070531.0 | ||
| 008 | 061115s2004 mx r 000 0 spa d | ||
| 020 | _a8497840321 | ||
| 035 | _aUPN01000147966 | ||
| 049 | _aCG | ||
| 050 | 4 |
_aJZ1318 _bF6.2 |
|
| 100 | 1 | _aFox, Jeremy | |
| 245 | 1 | 0 |
_aChomsky y la globalización / _cJeremy Fox ; tr. Carme Font. |
| 260 |
_aBarcelona, Esp. : _bGedisa, _c2004. |
||
| 300 | _a92 p. | ||
| 440 | 0 | _aEncuentros contemporáneos | |
| 534 |
_pTraducción de: _tChomsky and globalisation |
||
| 650 | 4 |
_aGlobalización _95377 |
|
| 600 | 1 | 4 |
_aCHOMSKY, NOAM, _d1928- - _xCRITICA E INTERPRETACION _912064 |
| 905 | _aLibro | ||
| 999 |
_c120108 _d120108 |
||